Statistiques concernant Trouver tous les joueurs/clubs 2

Cliquez ici pour prendre le quiz!

Statistiques générales

  • Ce quiz a été pris 120 fois
  • Le résultat moyen est 25 sur 30

Statistiques - réponses

QuestionTuileSelect% Correct
Trouver tous les français ayant joués à ArsenalAlexandre LacazetteOui
98%
Trouver tous les joueurs ayant remportés au moins 2 ballons d'orLionel MessiOui
98%
Trouver tous les joueurs ayant remportés au moins 2 ballons d'orLuka ModricNon
97%
Trouver tous les clubs champion de FranceFC NantesOui
96%
Trouver tous les français ayant joués à ArsenalOlivier GiroudOui
96%
Trouver tous les pays ayant déjà remporté une Copa AmericaUruguayOui
96%
Trouver tous les clubs champion de FranceDijon FCONon
95%
Trouver tous les joueurs ayant marqués en finale de Coupe du MondePeléOui
95%
Trouver tous les joueurs ayant remportés au moins 2 ballons d'orMichael OwenNon
94%
Trouver tous les joueurs ayant marqués en finale de Coupe du MondeOlivier GiroudNon
94%
Trouver tous les joueurs ayant marqués en finale de Coupe du MondeAndrès IniestaOui
92%
Trouver tous les pays ayant déjà remporté une Copa AmericaHondurasNon
91%
Trouver tous les joueurs ayant remportés au moins 2 ballons d'orKakàNon
91%
Trouver tous les pays ayant déjà remporté une Copa AmericaColombieOui
90%
Trouver tous les joueurs ayant marqués en finale de Coupe du MondePaul PogbaOui
88%
Trouver tous les clubs champion de FranceAJ AuxerreOui
86%
Trouver tous les joueurs ayant marqués en finale de Coupe du MondeAndrea PirloNon
86%
Trouver tous les français ayant joués à ArsenalFrancis CoquelinOui
86%
Trouver tous les clubs champion de FranceAngers SCONon
85%
Trouver tous les joueurs ayant remportés au moins 2 ballons d'orMichel PlatiniOui
85%
Trouver tous les français ayant joués à ArsenalBacary SagnaOui
84%
Trouver tous les clubs champion de FranceRC LensOui
81%
Trouver tous les pays ayant déjà remporté une Copa AmericaEtats-UnisNon
80%
Trouver tous les joueurs ayant remportés au moins 2 ballons d'orMarco Van BastenOui
79%
Trouver tous les joueurs ayant marqués en finale de Coupe du MondeLionel MessiNon
74%
Trouver tous les pays ayant déjà remporté une Copa AmericaVénézuelaNon
74%
Trouver tous les clubs champion de FranceFC MetzNon
71%
Trouver tous les français ayant joués à ArsenalMathieu FlaminiOui
71%
Trouver tous les français ayant joués à ArsenalGaël ClichyOui
66%
Trouver tous les pays ayant déjà remporté une Copa AmericaBolivieOui
23%

Distribution des résultats

Percentile par nombre de réponses

% des personnes avec chaque résultat

Votre développement - résultats

Vous n’avez pas pris ce quiz